Особенности высокоскоростной обработки с использованием сборных торцовых фрез; Справочник. Инженерный журнал; № 8

Podrobná bibliografie
Parent link:Справочник. Инженерный журнал: научно-технический и производственный журнал.— , 2000-.— 0203-347X
№ 8.— 2005.— С. 27-31
Hlavní autor: Лукина С. В.
Další autoři: Гуляев Ю. Б.
Jazyk:ruština
Vydáno: 2005
Témata:
Médium: MixedMaterials Kapitola
KOHA link:https://koha.lib.tpu.ru/cgi-bin/koha/opac-detail.pl?biblionumber=398804

MARC

LEADER 00000naa2a2200000 4500
001 398804
005 20231101065124.0
035 |a (RuTPU)RU\TPU\prd\39412 
090 |a 398804 
100 |a 20051102a2005 k y0rusy50 ca 
101 0 |a rus 
102 |a RU 
200 1 |a Особенности высокоскоростной обработки с использованием сборных торцовых фрез  |f С. В. Лукина, Ю. Б. Гуляев 
320 |a Библиогр.: 2 назв. 
461 0 |0 (RuTPU)RU\TPU\prd\1723  |x 0203-347X  |t Справочник. Инженерный журнал  |o научно-технический и производственный журнал  |d 2000- 
463 0 |0 (RuTPU)RU\TPU\prd\39053  |t № 8  |v С. 27-31  |d 2005 
610 1 |a торцовые фрезы 
610 1 |a использование 
610 1 |a высокоскоростная обработка 
610 1 |a преимущества 
610 1 |a фрезообразование 
610 1 |a конструкции 
610 1 |a требования 
610 1 |a универсальность 
700 1 |a Лукина  |b С. В. 
701 1 |a Гуляев  |b Ю. Б. 
801 1 |a RU  |b 63413507  |c 20051102  |g PSBO 
801 2 |a RU  |b 63413507  |c 20140117  |g RCR 
942 |c BK